| 000 | 00760nam a22001697a 4500 | ||
|---|---|---|---|
| 999 |
_c14104 _d14104 |
||
| 008 | 190802b ||||| |||| 00| 0 eng d | ||
| 082 |
_22019 _aUT 1337 _bR61 |
||
| 100 |
_aDe Roda Jr., Rudyard R. _939135 |
||
| 245 |
_aWeb-Based Management System for Municipal Social Welfare and Development Office of Malalag with GIS Mapping and Decision Support Using Decision Matrix Analysis/ _cRudyard R. De Roda Jr., Jay Kaiser A. Arellano and Cyril M. Cirilo |
||
| 260 |
_aDigos City _bUMDC _cApril 2019 |
||
| 300 |
_a32 pages _b30 cm |
||
| 650 |
_aBachelor of Science _v-Information Technology _xUndergraduate Thesis _938973 |
||
| 700 |
_aDe Roda Jr., Rudyard R. _939135 |
||
| 700 |
_aArellano, Jay Kaiser A. _939136 |
||
| 700 |
_aCirilo, Cyril M. _939137 |
||
| 942 |
_2ddc _cUT |
||